000 00481nam a2200181Ia 4500
005 20250508164110.0
008 008 250505s9999 xx 000 0 hin d
037 _aTextual
040 _aFEDL
_beng
_cFEDL
041 _ahin
_2hin
084 _a891.433, SOB
_qFEDL
100 _aSobti Krishna
245 0 _aZindaginama
260 _aNew Delhi, India
_bRajkamal Prakashan
_c2003
300 _a391p.
942 _cTEXL
_h891.433, SOB
999 _c1387044
_d1387044